| 000 | 00474nam a2200133Ia 4500 | ||
|---|---|---|---|
| 008 | 181023s9999 xx 000 0 und d | ||
| 020 | _a9781138054530 | ||
| 100 | _aNewton, Nicki. | ||
| 245 |
_cNicki Newton.-- _aMath problem solving in action : _bgetting students to love word problems, grades K-2 / |
||
| 260 |
_aNew York : _bRoutledge _c2018 |
||
| 300 | _axix, 160 pages. | ||
| 650 | _aMathematics -- study and teaching (Primary). | ||
| 650 | _aWord problems ( Mathematics). | ||
| 999 |
_c359361 _d359361 |
||